War, security, peace / (Record no. 123349)
[ view plain ]
| 000 -LEADER | |
|---|---|
| fixed length control field | 00691nam a22002417a 4500 |
| 005 - DATE AND TIME OF LATEST TRANSACTION | |
| control field | 20170124105924.0 |
| 010 ## - LIBRARY OF CONGRESS CONTROL NUMBER | |
| LC control number | B-063150 |
| 020 ## - INTERNATIONAL STANDARD BOOK NUMBER | |
| Terms of availability | 00 |
| International Standard Book Number | 1895727014 |
| 035 ## - SYSTEM CONTROL NUMBER | |
| System control number | B-063150 |
| 037 ## - SOURCE OF ACQUISITION | |
| Source of stock number/acquisition | Cen Lib/Ret |
| 040 ## - CATALOGING SOURCE | |
| Original cataloging agency | DPL |
| Language of cataloging | EN |
| 082 ## - DEWEY DECIMAL CLASSIFICATION NUMBER | |
| Classification number | 327.172 |
| Item number | NAI |
| 100 ## - MAIN ENTRY--PERSONAL NAME | |
| Personal name | Naidu, M.V. |
| 9 (RLIN) | 113802 |
| 245 ## - TITLE STATEMENT | |
| Title | War, security, peace / |
| Statement of responsibility, etc | by M.V. Naidu |
| 246 ## - VARYING FORM OF TITLE | |
| Remainder of title | |
| 260 ## - PUBLICATION, DISTRIBUTION, ETC. (IMPRINT) | |
| Name of publisher, distributor, etc | M.I.T.A. Press |
| Date of publication, distribution, etc | 1996 |
| Place of publication, distribution, etc | Canada |
| 270 ## - ADDRESS | |
| City | Canada |
| Address | 511, Pinegrove Road Oakville, Ontario |
| 300 ## - PHYSICAL DESCRIPTION | |
| Extent | iv, 454p. |
| Dimensions | 19cm(Hb) |
| 500 ## - GENERAL NOTE | |
| General note | Includes bibliographical references |
| 650 ## - SUBJECT ADDED ENTRY--TOPICAL TERM | |
| Topical term or geographic name as entry element | Security, International |
| 9 (RLIN) | 5538 |
| 650 ## - SUBJECT ADDED ENTRY--TOPICAL TERM | |
| Topical term or geographic name as entry element | Peace |
| 9 (RLIN) | 5539 |
| 942 ## - ADDED ENTRY ELEMENTS (KOHA) | |
| Source of classification or shelving scheme | Dewey Decimal Classification |
| Koha item type | English Books |
| Classification part | 327.172 |
| Call number suffix | NAI |
| Withdrawn status | Lost status | Damaged status | Not for loan | Home library | Current library | Date acquired | Source of acquisition | Cost, normal purchase price | Total Checkouts | Total Renewals | Full call number | Barcode | Date last seen | Date checked out | Copy number | Cost, replacement price | Price effective from | Koha item type |
|---|---|---|---|---|---|---|---|---|---|---|---|---|---|---|---|---|---|---|
| Central Library | Central Library | 05/06/2015 | Cen Lib/Ret | 0.00 | 1 | 2 | 327.172 NAI | B-063150 | 05/01/2020 | 30/11/2019 | 1 | 0.00 | 15/09/2016 | English Books |
